| 000 | 00515nam a2200181Ia 4500 | ||
|---|---|---|---|
| 005 | 20250508152542.0 | ||
| 008 | 008 250505s9999 xx 000 0 hin d | ||
| 037 | _aTextual | ||
| 040 |
_aFEDL _beng _cFEDL |
||
| 041 |
_ahin _2eng |
||
| 084 |
_a491.438, GUP _qFEDL |
||
| 100 |
_aGupta Somnath Ed. _9761774 |
||
| 245 | 0 | _aHindi-patthmala, Bhag 8 ke liye | |
| 260 |
_aJaipur, India _bPrabhat Prakashan Mandir _c1955 |
||
| 300 | _a240p | ||
| 942 |
_cTEXL _h491.438, GUP |
||
| 999 |
_c1337194 _d1337194 |
||